000 01001nam a2200289 i 4500
003 DO-SdBNP
005 20250710141511.0
007 ta
008 250710b2024 dr a|||| |||| 00| 0 spa d
020 _a9788409604524
040 _aDO-SdBNP
_bspa
_cBNPHU
_erda
082 _axxx
_bA185
_222
100 1 _aAcosta, Ericka
_eautora
_4aut.
_953755
245 1 0 _aTommy, ¿Dónde están mis gafas? /
_cEricka Acosta ; co-autora, Ana González ; ilustraciones, Wenyeli Ramírez
264 _aSanto Domingo :
_bBTM,
_c2024.
300 _a29 páginas ;
_bilustraciones
_c27 cm.
336 _atexto
_btxt
_2rdacontent
337 _asin mediación
_bn
_2rdamedia
338 _avolumen
_bnc
_2rdacarrier
500 _aIncluye datos biografícos de la autora en la primera página.
500 _aLibro de pasta dura.
590 _aInventariado, 2025/ YL
700 1 _aGonzález, Ana
_eco-autora
_4aut.
_988315
700 1 _aRamírez, Wenyeli
_eilustraciones
_4il.
_988316
910 _aYLockward
942 _2ddc
_cLF2
999 _c59494
_d59494